[Event "First Saturday Tournament Budapest"]
[Site "Budapest"]
[Date "2010.05.11"]
[Round "5.4"]
[White "Farkas, Richard"]
[Black "Kiss, Peter"]
[Result "1/2-1/2"]
[WhiteElo "1989"]
[BlackElo "1956"]
[PlyCount "36"]
[EventDate "2010.05.07"]

1. c4 f5 2. Nc3 Nf6 3. g3 g6 4. Bg2 Bg7 5. Nf3 O-O 6. O-O d6 7. d4 Qe8 8. d5
Na6 9. Nd4 Bd7 10. Re1 Rb8 11. e4 fxe4 12. Nxe4 Nxe4 13. Rxe4 c5 14. Ne6 Bxe6
15. Rxe6 Bd4 16. Re2 Qf7 17. Be3 Bxe3 18. fxe3 Qf6 1/2-1/2

[Event "First Saturday Tournament Budapest"]
[Site "Budapest"]
[Date "2010.05.11"]
[Round "5.6"]
[White "Havaskori, Laszlo"]
[Black "Bodi, Tibor"]
[Result "1/2-1/2"]
[WhiteElo "2084"]
[BlackElo "2053"]
[PlyCount "71"]
[EventDate "2010.05.07"]

1. e4 Nf6 2. Nc3 d5 3. exd5 Nxd5 4. Bc4 Nb6 5. Bb3 Nc6 6. Nf3 Bf5 7. d3 e6 8.
Be3 Be7 9. h3 h5 10. Qe2 Qd7 11. Ne4 O-O-O 12. O-O-O Na5 13. Bd4 Nxb3+ 14. axb3
f6 15. Bxb6 axb6 16. Rhe1 Bg6 17. Nc3 Bf7 18. Qe4 Qc6 19. Qa4 Qxa4 20. bxa4 Bb4
21. Re4 Bxc3 22. bxc3 e5 23. Kb2 g5 24. Ra1 Bd5 25. Re3 g4 26. Nh4 Rhg8 27. a5
bxa5 28. Rxa5 b6 29. Ra4 gxh3 30. gxh3 Rg1 31. Nf5 Rg2 32. Ne7+ Kb7 33. Nxd5
Rxd5 34. Rf3 Rd6 35. Rh4 Rg5 36. Ra4 {after 50 move} 1/2-1/2

[Event "First Saturday Tournament Budapest"]
[Site "Budapest"]
[Date "2010.05.12"]
[Round "6.1"]
[White "Schuetz, Peter"]
[Black "Bodi, Tibor"]
[Result "0-1"]
[WhiteElo "1925"]
[BlackElo "2053"]
[PlyCount "40"]
[EventDate "2010.05.07"]

1. e4 Nf6 2. Nc3 d5 3. exd5 Nxd5 4. d4 Nxc3 5. bxc3 c5 6. d5 g6 7. Bb5+ Bd7 8.
Qd3 Bg7 9. Ne2 O-O 10. Bxd7 Nxd7 11. Bf4 c4 12. Qd2 Nf6 13. O-O-O Qa5 14. Kb1
Rfd8 15. Qd4 Rxd5 16. Qxc4 Rc5 17. Qd3 Rac8 18. Bd2 Rb5+ 19. Ka1 Rd8 20. Nd4
Rb6 {after 6 move} 0-1

[Event "First Saturday Tournament Budapest"]
[Site "Budapest"]
[Date "2010.05.12"]
[Round "6.2"]
[White "Lakovic, Igor"]
[Black "Havaskori, Laszlo"]
[Result "1-0"]
[WhiteElo "1965"]
[BlackElo "2084"]
[PlyCount "68"]
[EventDate "2010.05.07"]

1. e4 e5 2. Nf3 d6 3. d4 Nc6 4. dxe5 dxe5 5. Qxd8+ Kxd8 6. Bc4 f6 7. Be3 Bd6 8.
c3 Nge7 9. Nbd2 Na5 10. Rd1 Nxc4 11. Nxc4 Kd7 12. Nxd6 cxd6 13. Bc5 d5 14. exd5
Nf5 15. O-O b6 16. Ba3 Ba6 17. Rfe1 g5 18. Nd2 Nd6 19. Bxd6 Kxd6 20. Ne4+ Ke7
21. b3 Rad8 22. c4 f5 23. Nc3 Kf6 24. f3 Rd7 25. Kf2 Rc8 26. h4 h6 27. hxg5+
hxg5 28. Rh1 Kg6 29. a4 Rh7 30. Rxh7 Kxh7 31. g4 f4 32. Ne4 Kg6 33. Rh1 Rd8 34.
Ke1 Rc8 1-0

[Event "First Saturday Tournament Budapest"]
[Site "Budapest"]
[Date "2010.05.12"]
[Round "6.3"]
[White "Kiss, Peter"]
[Black "Darazs, Zoltan"]
[Result "1/2-1/2"]
[WhiteElo "1956"]
[BlackElo "2203"]
[PlyCount "25"]
[EventDate "2010.05.07"]

1. e4 e5 2. Nf3 Nc6 3. Bb5 a6 4. Ba4 Nf6 5. O-O Be7 6. Re1 b5 7. Bb3 O-O 8. c3
d5 9. exd5 Nxd5 10. Nxe5 Nxe5 11. Rxe5 c6 12. d4 Bd6 13. Re1 1/2-1/2

[Event "First Saturday Tournament Budapest"]
[Site "Budapest"]
[Date "2010.05.12"]
[Round "6.4"]
[White "Juracsik, Jozsef"]
[Black "Farkas, Richard"]
[Result "1-0"]
[WhiteElo "2133"]
[BlackElo "1989"]
[PlyCount "83"]
[EventDate "2010.05.07"]

1. e4 c5 2. Nf3 e6 3. b3 Nc6 4. Bb2 d6 5. d4 cxd4 6. Nxd4 Nf6 7. Nxc6 bxc6 8.
Bd3 e5 9. O-O Qc7 10. c4 Be7 11. Nc3 O-O 12. Rc1 Qa5 13. h3 Be6 14. Qe2 Nd7 15.
Bb1 f5 16. exf5 Bxf5 17. Bxf5 Rxf5 18. Qe4 Raf8 19. Qxc6 Nb6 20. Qb5 Qxb5 21.
Nxb5 a6 22. Nc7 a5 23. Ba3 Rc8 24. Nb5 Rf6 25. Rcd1 Rc6 26. Rd2 Kf7 27. Rfd1
Nc8 28. Nc3 Bf8 29. Rd5 Ra6 30. Rb5 Ra7 31. Rb8 Ne7 32. Ne4 Rf4 33. Nxd6+ Kg6
34. Nb5 Ra6 35. g3 Rf3 36. Rd6+ Rxd6 37. Bxd6 e4 38. Bf4 Kf7 39. Nd6+ Kg8 40.
Nxe4 Rd3 41. Bd6 Ng6 42. c5 1-0

[Event "First Saturday Tournament Budapest"]
[Site "Budapest"]
[Date "2010.05.12"]
[Round "6.5"]
[White "Szalontay, Mihaly"]
[Black "Xu, Fei"]
[Result "0-1"]
[WhiteElo "2000"]
[BlackElo "1951"]
[PlyCount "82"]
[EventDate "2010.05.07"]

1. e4 c5 2. c3 d5 3. exd5 Qxd5 4. d4 Nf6 5. Nf3 Bg4 6. dxc5 Qxc5 7. Na3 Nbd7 8.
Be3 Qc6 9. Be2 e5 10. Qb3 Be7 11. O-O-O O-O 12. Nc4 Qc7 13. Bg5 e4 14. Bxf6
Bxf6 15. Nd4 Bxe2 16. Nxe2 Nc5 17. Qb5 Nd3+ 18. Kb1 a6 19. Qd5 Nxf2 20. Ne3
Nxd1 21. Rxd1 Rad8 22. Qxe4 Rxd1+ 23. Nxd1 Qd7 24. Nf2 Re8 25. Qf3 Qc6 26. Qxc6
bxc6 27. Nf4 Be5 28. N2d3 Bd6 29. Kc2 g5 30. Nh3 Re2+ 31. Kb3 Rxg2 32. a4 h5
33. c4 c5 34. Nhf2 Rxh2 35. Ne4 g4 36. Nxd6 g3 37. Nf4 Rf2 38. Nh3 Rf3+ 39. Ka2
g2 40. Ng1 Rf1 41. Nh3 Rh1 0-1

[Event "First Saturday Tournament Budapest"]
[Site "Budapest"]
[Date "2010.05.12"]
[Round "6.6"]
[White "Kantor, Reka"]
[Black "Chen, Yang"]
[Result "0-1"]
[WhiteElo "1947"]
[BlackElo "2081"]
[PlyCount "58"]
[EventDate "2010.05.07"]

1. e4 c5 2. Nf3 Nc6 3. d4 cxd4 4. Nxd4 g6 5. c4 Bg7 6. Be3 Nf6 7. Nc3 O-O 8.
Qd2 Ng4 9. Nc2 Nxe3 10. Nxe3 d6 11. Rc1 a5 12. b3 Nd4 13. Bd3 Bd7 14. O-O Bc6
15. Nc2 f5 16. Nxd4 Bxd4 17. exf5 gxf5 18. Bxf5 e5 19. Be6+ Kh8 20. Bd5 Qh4 21.
Bxc6 bxc6 22. Nd1 Rf6 23. Re1 Rh6 24. h3 Rg8 25. Ne3 Qxh3 26. Kf1 Bxe3 27. Qxe3
Qxg2+ 28. Ke2 Rh3 29. Qd2 Qf3+ 0-1

[Event "First Saturday Tournament Budapest"]
[Site "Budapest"]
[Date "2010.05.13"]
[Round "7.1"]
[White "Chen, Yang"]
[Black "Schuetz, Peter"]
[Result "1/2-1/2"]
[WhiteElo "2081"]
[BlackElo "1925"]
[PlyCount "63"]
[EventDate "2010.05.07"]

1. e4 e5 2. Nf3 Nc6 3. Bb5 Nd4 4. Nxd4 exd4 5. O-O c6 6. Bc4 Nf6 7. e5 d5 8.
Bb3 Ne4 9. d3 Nc5 10. c3 dxc3 11. Nxc3 Nxb3 12. Qxb3 Bc5 13. Na4 Be7 14. d4 O-O
15. Be3 Rb8 16. Qd3 Qa5 17. Nc3 Qb4 18. a3 Qb3 19. f4 g6 20. f5 Bxf5 21. Rxf5
gxf5 22. Bh6 Kh8 23. Bxf8 Rxf8 24. Rb1 Qc4 25. Qxc4 dxc4 26. Rf1 Bg5 27. Kf2
Rd8 28. Rd1 Kg7 29. g3 h5 30. h4 Bh6 31. Ne2 Rd5 32. Nc3 {after 32 move}
1/2-1/2

[Event "First Saturday Tournament Budapest"]
[Site "Budapest"]
[Date "2010.05.13"]
[Round "7.2"]
[White "Xu, Fei"]
[Black "Kantor, Reka"]
[Result "1/2-1/2"]
[WhiteElo "1951"]
[BlackElo "1947"]
[PlyCount "52"]
[EventDate "2010.05.07"]

1. e4 e5 2. Nf3 Nc6 3. Bb5 a6 4. Ba4 Nf6 5. Qe2 b5 6. Bb3 Bc5 7. c3 O-O 8. O-O
d6 9. d3 h6 10. a4 b4 11. cxb4 Bxb4 12. h3 Rb8 13. Ba2 a5 14. Nc3 Ba6 15. Rd1
Re8 16. Qc2 Bc5 17. Bc4 Bxc4 18. dxc4 Nd4 19. Qd3 Nb3 20. Rb1 Nxc1 21. Rdxc1
Nh5 22. Ne2 Qd7 23. b3 Rb7 24. Rd1 Qe7 25. Qd2 Bb4 26. Qe3 Bc5 1/2-1/2

[Event "First Saturday Tournament Budapest"]
[Site "Budapest"]
[Date "2010.05.13"]
[Round "7.3"]
[White "Farkas, Richard"]
[Black "Szalontay, Mihaly"]
[Result "1-0"]
[WhiteElo "1989"]
[BlackElo "2000"]
[PlyCount "85"]
[EventDate "2010.05.07"]

1. c4 c5 2. Nc3 Nf6 3. g3 g6 4. Bg2 Bg7 5. Nf3 Nc6 6. O-O O-O 7. a3 a6 8. Rb1
Rb8 9. b4 cxb4 10. axb4 b5 11. cxb5 axb5 12. d4 d5 13. Bf4 Bf5 14. Bxb8 Bxb1
15. Qxb1 Qxb8 16. e3 Rc8 17. Rc1 Qa8 18. Qb3 Bf8 19. Ne1 e6 20. Nd3 Qa6 21. Bf1
Ra8 22. Nc5 Qb6 23. Bxb5 Na7 24. Ra1 Rb8 25. Ra6 Qc7 26. Qa4 Nxb5 27. Nxb5 Qc8
28. Qa5 Be7 29. Na7 Qe8 30. Nc6 Bd8 31. Nxd8 Rxd8 32. b5 Nd7 33. Nxd7 Qxd7 34.
Ra7 Qc8 35. Kg2 h5 36. Rc7 Qa8 37. Qxa8 Rxa8 38. b6 Kg7 39. b7 Rb8 40. Kf3 Kf6
41. h4 Kg7 42. Kf4 Kf6 43. f3 1-0

[Event "First Saturday Tournament Budapest"]
[Site "Budapest"]
[Date "2010.05.13"]
[Round "7.4"]
[White "Darazs, Zoltan"]
[Black "Juracsik, Jozsef"]
[Result "1-0"]
[WhiteElo "2203"]
[BlackElo "2133"]
[PlyCount "55"]
[EventDate "2010.05.07"]

1. e4 c5 2. Nf3 d6 3. d4 cxd4 4. Nxd4 Nf6 5. Nc3 a6 6. Bg5 e6 7. f4 Nbd7 8. Qf3
Be7 9. O-O-O Qc7 10. g4 b5 11. Bxf6 gxf6 12. f5 Nc5 13. fxe6 fxe6 14. g5 fxg5
15. e5 d5 16. Qh5+ Kd8 17. Bg2 Bd7 18. Nxe6+ Nxe6 19. Nxd5 Qxe5 20. Rhe1 Qg7
21. Nb6 Ra7 22. Rxe6 Bc5 23. Nxd7 Rxd7 24. Rxd7+ Kxd7 25. Qg4 h5 26. Qf5 Rf8
27. Qd5+ Kc8 28. Qxc5+ 1-0

[Event "First Saturday Tournament Budapest"]
[Site "Budapest"]
[Date "2010.05.13"]
[Round "7.5"]
[White "Havaskori, Laszlo"]
[Black "Kiss, Peter"]
[Result "0-1"]
[WhiteElo "2084"]
[BlackElo "1956"]
[PlyCount "48"]
[EventDate "2010.05.07"]

1. e4 c5 2. Nc3 Nc6 3. f4 d6 4. Nf3 g6 5. Bb5 Bg7 6. O-O e6 7. Qe1 Nge7 8. d3
O-O 9. Bxc6 Nxc6 10. Bd2 Re8 11. a3 b6 12. Rc1 Ba6 13. g4 f5 14. g5 c4 15. Qe2
Nd4 16. Nxd4 Bxd4+ 17. Kg2 Qc7 18. b3 Bxc3 19. Bxc3 cxd3 20. cxd3 fxe4 21. Bf6
Qd7 22. Rc4 exd3 23. Qxd3 Qb7+ 24. Kg3 d5 0-1

[Event "First Saturday Tournament Budapest"]
[Site "Budapest"]
[Date "2010.05.13"]
[Round "7.6"]
[White "Bodi, Tibor"]
[Black "Lakovic, Igor"]
[Result "1/2-1/2"]
[WhiteElo "2053"]
[BlackElo "1965"]
[PlyCount "86"]
[EventDate "2010.05.07"]

1. e4 e5 2. Nf3 Nc6 3. Bb5 a6 4. Bxc6 dxc6 5. O-O Qf6 6. d4 exd4 7. e5 Qd8 8.
Qxd4 Qxd4 9. Nxd4 Bd7 10. Nc3 O-O-O 11. Be3 Re8 12. Nf3 h6 13. h3 Ne7 14. Bc5
b6 15. Bxe7 Bxe7 16. Rad1 Bb4 17. Rfe1 Bxc3 18. bxc3 c5 19. Rd2 Be6 20. a3 Rd8
21. Red1 Rxd2 22. Rxd2 Rd8 23. Rxd8+ Kxd8 24. Kf1 Kd7 25. Ke2 Kc6 26. Ke3 Kb5
27. Nd2 Ka4 28. f4 Kxa3 29. g4 b5 30. f5 Bd5 31. Ne4 Kb2 32. Nxc5 a5 33. Kd4
Bc6 34. e6 fxe6 35. Nxe6 a4 36. Nxg7 a3 37. f6 a2 38. f7 a1=Q 39. f8=Q Qg1+ 40.
Ke5 Qe3+ 41. Kf6 Qg5+ 42. Ke6 Qe3+ 43. Kf6 Qg5+ 1/2-1/2

[Event "First Saturday Tournament Budapest"]
[Site "Budapest"]
[Date "2010.05.14"]
[Round "8.1"]
[White "Schuetz, Peter"]
[Black "Lakovic, Igor"]
[Result "1/2-1/2"]
[WhiteElo "1925"]
[BlackElo "1965"]
[PlyCount "70"]
[EventDate "2010.05.07"]

1. e4 e5 2. Nf3 Nc6 3. Nc3 Nf6 4. d4 exd4 5. Nxd4 Bb4 6. Nxc6 bxc6 7. Bd3 d5 8.
exd5 cxd5 9. O-O O-O 10. Bg5 c6 11. h3 h6 12. Bh4 Bd6 13. Qf3 Rb8 14. Rab1 Re8
15. b3 Be5 16. Na4 Rb4 17. Bg3 Bxg3 18. fxg3 Rb7 19. Rbd1 Rbe7 20. Qf2 Qa5 21.
Qc5 Qc7 22. Rf3 Re5 23. Qf2 Ne4 24. Bxe4 Rxe4 25. Rf1 R8e7 26. Nc3 R4e5 27. Qc5
Ba6 28. R1f2 Qd7 29. Qd4 Qd6 30. Qa4 Bc8 31. Qf4 Qc5 32. Na4 Qa5 33. Qd2 Qc7
34. Nc5 Qb6 35. Nd3 Re4 1/2-1/2

[Event "First Saturday Tournament Budapest"]
[Site "Budapest"]
[Date "2010.05.14"]
[Round "8.2"]
[White "Kiss, Peter"]
[Black "Bodi, Tibor"]
[Result "0-1"]
[WhiteElo "1956"]
[BlackElo "2053"]
[PlyCount "92"]
[EventDate "2010.05.07"]

1. e4 c5 2. c3 g6 3. d4 Bg7 4. g3 d5 5. e5 Nc6 6. Bg2 Bf5 7. Ne2 Bxb1 8. Rxb1
e6 9. O-O Nge7 10. Bg5 O-O 11. Bxe7 Qxe7 12. Nf4 cxd4 13. cxd4 Qb4 14. Ne2 Rac8
15. a3 Qb6 16. b4 a6 17. Qd2 f6 18. Bh3 Rce8 19. exf6 Bxf6 20. Rfd1 Bg7 21. a4
e5 22. a5 Qa7 23. Bd7 Re7 24. Bxc6 bxc6 25. Rbc1 Ref7 26. Rf1 exd4 27. Rxc6 d3
28. Nc1 Rxf2 29. Rxf2 Bh6 30. Qa2 Rxf2 31. Qxf2 Qxf2+ 32. Kxf2 d2 33. Ke2
dxc1=Q 34. Rxc1 Bxc1 35. b5 Ba3 36. b6 Bc5 37. Kd3 Kf7 38. h3 Ke6 39. g4 Kd6
40. h4 Bb4 41. b7 Kc7 42. Kd4 Bxa5 43. Kxd5 Kxb7 44. Ke6 Bc3 45. Kf7 a5 46. Kg8
h5 0-1

[Event "First Saturday Tournament Budapest"]
[Site "Budapest"]
[Date "2010.05.14"]
[Round "8.3"]
[White "Juracsik, Jozsef"]
[Black "Havaskori, Laszlo"]
[Result "1-0"]
[WhiteElo "2133"]
[BlackElo "2084"]
[PlyCount "91"]
[EventDate "2010.05.07"]

1. e4 c5 2. Nf3 d6 3. d4 cxd4 4. Nxd4 Nf6 5. Nc3 Nc6 6. Bg5 Qb6 7. Nb3 Be6 8.
Qd2 a6 9. Nd5 Bxd5 10. exd5 Ne5 11. Be3 Qc7 12. Be2 h5 13. O-O g6 14. c4 Bg7
15. Rac1 b6 16. f3 O-O 17. Nd4 Qb7 18. Kh1 Kh7 19. f4 Neg4 20. Bg1 Ne4 21. Qd3
f5 22. Bf3 Ngf6 23. Ne6 Rfc8 24. Bd4 Bh6 25. Qe3 Rab8 26. g3 a5 27. Kg2 a4 28.
h3 Nc5 29. Nxc5 bxc5 30. Bc3 Qd7 31. Rce1 Re8 32. Qd3 h4 33. gxh4 Bxf4 34. Re6
Be5 35. h5 Rg8 36. Kh1 Bxc3 37. bxc3 Rg7 38. hxg6+ Kxg6 39. Rg1+ Kf7 40. Rxg7+
Kxg7 41. Qxf5 Qb7 42. Qg5+ Kf8 43. Qh6+ Kg8 44. Re1 Kf7 45. Bh5+ Nxh5 46. Qxh5+
1-0

[Event "First Saturday Tournament Budapest"]
[Site "Budapest"]
[Date "2010.05.14"]
[Round "8.4"]
[White "Szalontay, Mihaly"]
[Black "Darazs, Zoltan"]
[Result "1/2-1/2"]
[WhiteElo "2000"]
[BlackElo "2203"]
[PlyCount "176"]
[EventDate "2010.05.07"]

1. e4 e5 2. Nf3 Nc6 3. d4 exd4 4. Nxd4 Nf6 5. Nxc6 bxc6 6. e5 Qe7 7. Qe2 Nd5 8.
c4 Ba6 9. b3 g5 10. g3 Bg7 11. Bb2 O-O-O 12. Nd2 Rhe8 13. O-O-O Nb6 14. Qe4
Bxe5 15. Qxh7 Bxb2+ 16. Kxb2 Qf6+ 17. Kb1 Qxf2 18. Ne4 Qf3 19. Bd3 Rh8 20. Nxg5
Qg2 21. Qe4 Rxh2 22. Rxh2 Qxh2 23. Nxf7 Rg8 24. g4 Kb8 25. g5 d5 26. Qh7 Qxh7
27. Bxh7 Rg7 28. g6 Nd7 29. Nh6 Nf6 30. Nf5 Rd7 31. Rh1 dxc4 32. Bg8 Nxg8 33.
Rh8 Rd8 34. Ne7 cxb3 35. Nxc6+ Kc8 36. Nxd8 bxa2+ 37. Kb2 Kxd8 38. Rxg8+ Ke7
39. Rg7+ Kf6 40. Rxc7 Bd3 41. g7 Bh7 42. Kxa2 Bg8+ 43. Ka3 Bf7 44. Rxa7 Kxg7
45. Kb4 Kf6 46. Kc5 Bg6 47. Kd6 Bf7 48. Ra1 Bg6 49. Rf1+ Bf5 50. Rf2 Kg6 51.
Ke5 Bd3 52. Rf4 Bc2 53. Rf6+ Kg7 54. Ke6 Bb3+ 55. Ke7 Bc2 56. Rf2 Bd3 57. Rg2+
Kh8 58. Kf6 Be4 59. Rg3 Bd5 60. Rh3+ Kg8 61. Rh4 Bb3 62. Rh2 Bc4 63. Rd2 Kh7
64. Rc2 Bd5 65. Rc5 Be4 66. Rc4 Bd3 67. Rd4 Bc2 68. Rh4+ Kg8 69. Rc4 Bd3 70.
Rc3 Be4 71. Rg3+ Kh7 72. Rg7+ Kh8 73. Rg4 Bd3 74. Kf7 Bc2 75. Rg8+ Kh7 76. Rg3
Kh8 77. Rc3 Be4 78. Re3 Bc2 79. Ra3 Be4 80. Ra5 Bd3 81. Ra3 Be4 82. Ra4 Bc2 83.
Rb4 Bd3 84. Rg4 Bc2 85. Rg7 Bd3 86. Kf8 Bc2 87. Rg2 Be4 88. Rh2+ Bh7 1/2-1/2

[Event "First Saturday Tournament Budapest"]
[Site "Budapest"]
[Date "2010.05.14"]
[Round "8.5"]
[White "Kantor, Reka"]
[Black "Farkas, Richard"]
[Result "1/2-1/2"]
[WhiteElo "1947"]
[BlackElo "1989"]
[PlyCount "47"]
[EventDate "2010.05.07"]

1. e4 c5 2. Nf3 g6 3. c4 Bg7 4. d4 cxd4 5. Nxd4 Nc6 6. Be3 Nf6 7. Nc3 O-O 8.
Be2 d6 9. O-O Bd7 10. Rc1 Qa5 11. Nb3 Qd8 12. Qd2 Re8 13. f3 Rc8 14. Nd4 Nxd4
15. Bxd4 Qa5 16. Rfd1 Be6 17. b3 Nd7 18. Bxg7 Kxg7 19. Kh1 a6 20. Bf1 f5 21.
exf5 Bxf5 22. Qd4+ Qe5 23. Qxe5+ Nxe5 24. Nd5 1/2-1/2

[Event "First Saturday Tournament Budapest"]
[Site "Budapest"]
[Date "2010.05.14"]
[Round "8.6"]
[White "Chen, Yang"]
[Black "Xu, Fei"]
[Result "1/2-1/2"]
[WhiteElo "2081"]
[BlackElo "1951"]
[PlyCount "24"]
[EventDate "2010.05.07"]

1. d4 d5 2. c4 c6 3. cxd5 cxd5 4. Nf3 Nf6 5. Nc3 Nc6 6. e3 e6 7. Bd3 Bd6 8. O-O
O-O 9. Bd2 Bd7 10. a3 a6 11. h3 h6 12. b4 b5 1/2-1/2

[Event "First Saturday Tournament Budapest"]
[Site "Budapest"]
[Date "2010.05.16"]
[Round "9.1"]
[White "Xu, Fei"]
[Black "Schuetz, Peter"]
[Result "1-0"]
[WhiteElo "1951"]
[BlackElo "1925"]
[PlyCount "59"]
[EventDate "2010.05.07"]

1. e4 e5 2. Nf3 Nc6 3. Bb5 Nd4 4. Nxd4 exd4 5. O-O c6 6. Bc4 Nf6 7. Re1 d6 8.
d3 Be7 9. c3 dxc3 10. Nxc3 O-O 11. Qf3 b5 12. Bb3 b4 13. Ne2 a5 14. h3 Ba6 15.
Nd4 Rc8 16. Nf5 Ne8 17. Qg3 Kh8 18. Bf4 g5 19. Bd2 Bf6 20. d4 Rc7 21. a3 Bc8
22. axb4 Bxf5 23. exf5 Bxd4 24. Bxg5 Qc8 25. Rxa5 Bxb2 26. Qd3 d5 27. Re2 Bg7
28. f6 Nxf6 29. Bxf6 Bxf6 30. Bc2 1-0

[Event "First Saturday Tournament Budapest"]
[Site "Budapest"]
[Date "2010.05.16"]
[Round "9.2"]
[White "Farkas, Richard"]
[Black "Chen, Yang"]
[Result "1/2-1/2"]
[WhiteElo "1989"]
[BlackElo "2081"]
[PlyCount "58"]
[EventDate "2010.05.07"]

1. e4 c5 2. Nf3 d6 3. c4 g6 4. Nc3 Bg7 5. d4 cxd4 6. Nxd4 Nc6 7. Be3 Nf6 8. f3
O-O 9. Be2 Bd7 10. O-O a5 11. Qd2 Nxd4 12. Bxd4 Bc6 13. Rad1 Nd7 14. Bxg7 Kxg7
15. Qd4+ f6 16. Nd5 Bxd5 17. exd5 Qb6 18. Qxb6 Nxb6 19. b3 Rfc8 20. Rd4 Rc7 21.
Re1 Nd7 22. Bf1 Nc5 23. g3 Re8 24. Re3 Rd7 25. Bh3 f5 26. Kf2 e5 27. dxe6 Rxe6
28. Rxe6 Nxe6 29. Rd5 Nc5 1/2-1/2

[Event "First Saturday Tournament Budapest"]
[Site "Budapest"]
[Date "2010.05.16"]
[Round "9.3"]
[White "Darazs, Zoltan"]
[Black "Kantor, Reka"]
[Result "1-0"]
[WhiteElo "2203"]
[BlackElo "1947"]
[PlyCount "47"]
[EventDate "2010.05.07"]

1. e4 e5 2. Nf3 Nc6 3. Bb5 a6 4. Ba4 Nf6 5. d4 exd4 6. O-O Nxe4 7. Re1 d5 8.
Nxd4 Bd6 9. Nxc6 Bxh2+ 10. Kh1 Qh4 11. Rxe4+ dxe4 12. Qd8+ Qxd8 13. Nxd8+ Kxd8
14. Kxh2 Be6 15. Nc3 b5 16. Bb3 Re8 17. Bf4 Kc8 18. Re1 Bxb3 19. axb3 f5 20. f3
c6 21. fxe4 b4 22. Na4 Rxe4 23. Rxe4 fxe4 24. Nb6+ 1-0

[Event "First Saturday Tournament Budapest"]
[Site "Budapest"]
[Date "2010.05.16"]
[Round "9.4"]
[White "Havaskori, Laszlo"]
[Black "Szalontay, Mihaly"]
[Result "1-0"]
[WhiteElo "2084"]
[BlackElo "2000"]
[PlyCount "113"]
[EventDate "2010.05.07"]

1. d4 Nf6 2. Nf3 e6 3. Bf4 b6 4. e3 c5 5. c3 cxd4 6. exd4 Be7 7. Nbd2 O-O 8.
Bd3 Ba6 9. Ne4 Bxd3 10. Nxf6+ Bxf6 11. Qxd3 d6 12. h4 e5 13. dxe5 dxe5 14. Qxd8
Rxd8 15. Be3 Nc6 16. Ke2 Rd7 17. Rad1 Rad8 18. Rxd7 Rxd7 19. Nd2 Be7 20. g4 g6
21. g5 b5 22. Ne4 Kg7 23. h5 f5 24. gxf6+ Bxf6 25. hxg6 hxg6 26. Rh7+ Kxh7 27.
Nxf6+ Kg7 28. Nxd7 Kf7 29. Nc5 Kf6 30. a4 b4 31. Bd2 bxc3 32. Bxc3 Kf5 33. b4
Ne7 34. b5 Nd5 35. Bd2 g5 36. Nd3 g4 37. Nb4 Nb6 38. a5 Nc4 39. b6 Nxb6 40.
axb6 axb6 41. Be3 b5 42. Kf1 Ke6 43. Kg2 Kf5 44. Kg3 Ke4 45. Bc5 Kf5 46. Nd5
Ke4 47. Nf6+ Kd3 48. Nxg4 Kc4 49. Bf8 e4 50. Kf4 Kd3 51. Bb4 Kd4 52. Ne5 Kd5
53. Bc3 b4 54. Bxb4 Kd4 55. Bc3+ Kxc3 56. Kxe4 Kb4 57. Kd5 1-0

[Event "First Saturday Tournament Budapest"]
[Site "Budapest"]
[Date "2010.05.16"]
[Round "9.5"]
[White "Bodi, Tibor"]
[Black "Juracsik, Jozsef"]
[Result "1/2-1/2"]
[WhiteElo "2053"]
[BlackElo "2133"]
[PlyCount "82"]
[EventDate "2010.05.07"]

1. e4 c5 2. Nf3 Nc6 3. d4 cxd4 4. Nxd4 Nf6 5. Nc3 e5 6. Nf5 d5 7. exd5 Bxf5 8.
dxc6 Qxd1+ 9. Nxd1 bxc6 10. Ne3 Bg6 11. Bc4 Bc5 12. c3 a5 13. O-O O-O 14. Rd1
Ne4 15. Bd3 Rfd8 16. Bxe4 Bxe4 17. Bd2 Bd3 18. Bc1 a4 19. Nf1 Rab8 20. b4 axb3
21. axb3 Rxb3 22. Be3 Rxc3 23. Bxc5 Rxc5 24. Rxd3 Re8 25. g3 h5 26. Ne3 g6 27.
Raa3 Re6 28. Rac3 Rxc3 29. Rxc3 f5 30. Ng2 Kf7 31. f4 exf4 32. Nxf4 Rd6 33. Rd3
Rxd3 34. Nxd3 Kf6 35. Kf2 g5 36. Kf3 Ke6 37. h4 Kf6 38. Nf2 c5 39. hxg5+ Kxg5
40. Nh3+ Kg6 41. Kf4 c4 1/2-1/2

[Event "First Saturday Tournament Budapest"]
[Site "Budapest"]
[Date "2010.05.16"]
[Round "9.6"]
[White "Lakovic, Igor"]
[Black "Kiss, Peter"]
[Result "1-0"]
[WhiteElo "1965"]
[BlackElo "1956"]
[PlyCount "73"]
[EventDate "2010.05.07"]

1. e4 c5 2. Nf3 Nc6 3. Bb5 e6 4. Bxc6 bxc6 5. d3 d5 6. O-O Nf6 7. e5 Nd7 8. c4
Ba6 9. b3 Qc7 10. Re1 Be7 11. Bf4 O-O 12. Nbd2 Rfd8 13. Qe2 Rac8 14. h4 Nf8 15.
Rad1 Qa5 16. Nf1 Rd7 17. N1h2 Rcd8 18. Bg5 Bxg5 19. Nxg5 dxc4 20. dxc4 Rxd1 21.
Rxd1 Rxd1+ 22. Qxd1 Qxa2 23. Nhf3 h6 24. Ne4 Qa3 25. h5 Bc8 26. Qd8 Qxb3 27.
Nd6 Qc3 28. Nxc8 Qc1+ 29. Kh2 Qf4+ 30. Kh1 Qc1+ 31. Ng1 Qg5 32. Ne7+ Kh7 33.
Qxf8 Qxh5+ 34. Nh3 Qd1+ 35. Kh2 h5 36. Qg8+ Kh6 37. Qh8# 1-0

[Event "First Saturday Tournament Budapest"]
[Site "Budapest"]
[Date "2011.05.17"]
[Round "10.1"]
[White "Schuetz, Peter"]
[Black "Kiss, Peter"]
[Result "0-1"]
[WhiteElo "1925"]
[BlackElo "1956"]
[PlyCount "62"]
[EventDate "2010.05.07"]

1. e4 c5 2. Nc3 Nc6 3. f4 d6 4. Nf3 g6 5. Bc4 Bg7 6. O-O e6 7. d3 Nge7 8. Qe1
O-O 9. f5 exf5 10. Qh4 h5 11. Bg5 Qd7 12. Bf6 a6 13. a4 b6 14. Qg5 Kh7 15. exf5
Nxf5 16. Bxg7 Kxg7 17. Nh4 Nce7 18. Nxf5+ Nxf5 19. Nd5 f6 20. Qd2 Rb8 21. Rae1
Re8 22. Qc3 Rf8 23. h3 b5 24. g4 hxg4 25. hxg4 Nd4 26. Rf2 b4 27. Qd2 Qxg4+ 28.
Kh1 Rh8+ 29. Rh2 Qf3+ 30. Kg1 Qg3+ 31. Kh1 Rxh2+ 0-1

[Event "First Saturday Tournament Budapest"]
[Site "Budapest"]
[Date "2011.05.17"]
[Round "10.2"]
[White "Juracsik, Jozsef"]
[Black "Lakovic, Igor"]
[Result "1-0"]
[WhiteElo "2133"]
[BlackElo "1965"]
[PlyCount "57"]
[EventDate "2010.05.07"]

1. e4 e5 2. Nf3 Nc6 3. Nc3 Nf6 4. Bb5 Bb4 5. O-O O-O 6. d3 d6 7. Ne2 Ba5 8. Ng3
Qe7 9. c3 Bd7 10. Nh4 Rfe8 11. Nhf5 Qf8 12. Bg5 Bxf5 13. Nxf5 Nd7 14. Bxc6 bxc6
15. Qa4 Bb6 16. Qxc6 f6 17. Be3 Qf7 18. Bxb6 Nxb6 19. f4 Rad8 20. Rf3 exf4 21.
Rxf4 Kh8 22. c4 g6 23. Nd4 Qg7 24. Raf1 f5 25. exf5 g5 26. f6 Qg6 27. Rf5 Rd7
28. a4 a5 29. b4 1-0

[Event "First Saturday Tournament Budapest"]
[Site "Budapest"]
[Date "2011.05.17"]
[Round "10.3"]
[White "Szalontay, Mihaly"]
[Black "Bodi, Tibor"]
[Result "0-1"]
[WhiteElo "2000"]
[BlackElo "2053"]
[PlyCount "116"]
[EventDate "2010.05.07"]

1. e4 Nf6 2. e5 Nd5 3. d4 d6 4. Nf3 Nb6 5. h3 g6 6. Bd3 Bg7 7. Bf4 Nc6 8. c3
O-O 9. O-O Bd7 10. Na3 Qc8 11. Nc2 Bf5 12. Ne3 Bxd3 13. Qxd3 Rd8 14. Qe4 f5 15.
exf6 exf6 16. h4 Re8 17. Qd3 Nd8 18. g4 Nf7 19. h5 Rxe3 20. fxe3 Qxg4+ 21. Kf2
Qxh5 22. Rh1 Qd5 23. e4 Qc4 24. Qc2 Re8 25. b3 Qc6 26. Rae1 g5 27. Bd2 h6 28.
c4 Nd7 29. a4 Nf8 30. b4 Qd7 31. b5 c5 32. d5 Ne5 33. Nxe5 Rxe5 34. Bc3 Re8 35.
Re3 Ng6 36. Rg1 Nf4 37. Rgg3 h5 38. Ke1 h4 39. Rgf3 Qg4 40. Kd2 h3 41. Rg3 Qh4
42. Qb1 h2 43. Qh1 Rxe4 44. Rgf3 Rxe3 45. Kxe3 Qh7 46. Kf2 Qc2+ 47. Kg3 Ne2+
48. Kxh2 Nxc3+ 49. Kh3 Qh7+ 50. Kg2 Qc2+ 51. Kh3 f5 52. Qe1 g4+ 53. Kh4 Qh2+
54. Kg5 Qh6+ 55. Kxf5 gxf3 56. Qe8+ Kh7 57. Qe6 Qxe6+ 58. dxe6 f2 0-1